000 00471nam a22001697a 4500
005 20240722125117.0
008 240722b |||||||| |||| 00| 0 eng d
022 _a00382396
041 _aEnglish
082 _aEnglish
100 _lEnglish
245 _aSouth African Law Reports
260 _aCape Town:
_bJuta and Company Ltd,
_c2009
300 _bxlix, 665 pages;
_c26 cm.
650 _aLegal practice
_bLaw
942 _cBK
_6ALISON_BN_VRIES
999 _c2223
_d2223